Lonely Star - The Weeknd Lyrics - Statistics

General Stats
  • This quiz has been taken 85 times
  • The average score is 259 of 324
Answer Stats
Hint Answer % Correct
I
100%
you
100%
You
100%
a
98%
be
95%
the
95%
all
93%
can
93%
see
93%
your
93%
baby,
90%
Baby,
90%
It
90%
it
90%
on
90%
is
88%
me
88%
star,
88%
star
88%
have
86%
house
86%
like
86%
Like
86%
my
86%
My
86%
regret
86%
to
86%
best
83%
could
83%
do
83%
oh
83%
ever
81%
Every
81%
f*ck
81%
friend,
81%
love
81%
no
81%
sex,
81%
Thursday
81%
thursday
81%
when
81%
When
81%
Yeah,
81%
yeah
81%
and
79%
And
79%
jewels,
76%
them,
76%
them
76%
body
74%
but
74%
But
74%
Not
74%
Promise
74%
say
74%
are
71%
clothes,
71%
friends
71%
friends,
71%
yours
71%
cars,
69%
everything
69%
face
69%
seems
69%
skin
69%
won't
69%
ooh,
67%
pain
67%
don't
64%
Friday,
64%
Monday,
64%
right
64%
tattoos
64%
Wednesday,
64%
Cause
62%
cause
62%
Tuesday,
62%
Yes,
62%
yes
62%
you'll
62%
leads
60%
need
60%
remember
60%
Saturday,
60%
Sunday
60%
If,
57%
sins
57%
fault
55%
that
55%
they
55%
want
55%
wrong
55%
guitars
52%
I'll
52%
nothing's
52%
Woah
52%
Blaming
50%
got
50%
never
48%
belong
43%
for
43%
only
43%
exist
40%
Give
40%
pill
40%
beautiful
38%
day
38%
Well
38%
any
33%
other
33%
wait
33%
ohh,
29%
2x Ohh,
29%
tatoos
24%
why?
24%
2x run,
21%
No matching quizzes found
Score Distribution
Percent of People with Each Score
Percentile by Number Answered
Your Score History
You have not taken this quiz